000 00927nam a22002537a 4500
005 20240605075438.0
008 240605t ||||| |||| 00| 0 spa d
020 _a9789587628784
040 _aCO-BoUCM
_cDavid Moreno
_dDavid Moreno
041 _aspa
100 1 _aMontejo Fonseca, Alfonso
_9181166
245 1 _aEstabilización de suelos
_cAlfonso Montejo Fonseca, Alejandro Montejo Piratova, Alberto Montejo Piratova
260 _aBogotá
_bEdiciones de la U
_c2018
300 _a348 Páginas
_bilustraciones, gráficos
504 _aIncluye referencias bibliográficas
650 _aIngenieria civil
_917613
650 1 4 _aSuelos
_924918
650 1 4 _aMateriales
_97814
650 1 4 _aEstabilizacion de suelos
_9181167
700 1 _aMontejo Piratova, Alejandro
_9181168
700 1 _aMontejo Piratova, Alberto
_9181169
942 _2DEWEY
_a20
_cLIBRO
_e1
_h624
_mM775e
_n0
999 _c324297
_d324297